Prirodzené užívateľské rozhranie

Salvato in:
Dettagli Bibliografici
Autore principale: Földešová, Nikola (Autore)
Altri autori: Lipková, Michala (Relatore della tesi)
Natura: Manoscritto Libro
Lingua:slovacco
Pubblicazione: Bratislava 2018
Soggetti:
Accesso online:http://is.stuba.sk/zp/portal_zp.pl?podrobnosti=133779
Tags: Aggiungi Tag
Nessun Tag, puoi essere il primo ad aggiungerne!!

MARC

LEADER 00000ntm a22000003a 4500
001 stuzp70663
003 SK-STU
005 20210122121636.9
007 ta
008 150427s2015----xo-----f-mn---000-0-slo-d
040 |a STU  |b slo 
041 0 |a slo 
100 1 |a Földešová, Nikola  |u 059190  |4 aut  |U FAD Fakulta architektúry  |T FA Ústav dizajnu  |X 77241  |U A9190  |Y 400  |7 77241 
242 0 1 |a Natural user interface  |y eng 
245 1 0 |a Prirodzené užívateľské rozhranie 
260 |c 2018  |a Bratislava 
650 4 |a komfort  |2 slo 
650 4 |a ovládače  |2 slo 
650 4 |a zmysly  |2 slo 
650 4 |a prirodzené užívateľské rozhranie  |2 slo 
650 4 |a interiér  |2 slo 
650 4 |a autonómne vozidlo  |2 slo 
650 4 |a senses  |2 eng 
650 4 |a interior  |2 eng 
650 4 |a autonomous vehicle  |2 eng 
650 4 |a comfort  |2 eng 
650 4 |a controls  |2 eng 
650 4 |a natural user interface  |2 eng 
700 1 |a Lipková, Michala  |u 059190  |k Z1  |4 ths  |U FAD Fakulta architektúry  |T FA Ústav dizajnu  |X 15371  |U A9190  |Y 400  |7 A000015371 
856 4 |u http://is.stuba.sk/zp/portal_zp.pl?podrobnosti=133779  |u https://opac.crzp.sk/?fn=detailBiblioForm&sid=233ADDCA5EB56A1008EE3131D49A